000 00498nam a2200097Ia 4500
008 170517s9999 xx 000 0 und d
245 _aFor Sale: The American Dream
300 _aThe US' housing bubble burst nearly six years ago, but the worst may be yet to come. After a landmark settlement, the major banks have lifted a freeze on foreclosures and government relief has been too small to make...
650 _xBusiness and Economics.
856 _uhttp://topdocumentaryfilms.com/sale-american-dream/
999 _c333255
_d333255